Introducción a la ciencia política

Salvato in:
Dettagli Bibliografici
Autore principale: Pinto, Julio (Autore)
Natura: Libro
Lingua:spagnolo
Pubblicazione: Buenos Aires Eudeba 2003
Edizione:4a. ed
Serie:Manuales
Soggetti:
Tags: Aggiungi Tag
Nessun Tag, puoi essere il primo ad aggiungerne!!

MARC

LEADER 00000nam a2200000 a 4500
001 UCK4376
003 CL-VaPUC
008 050603e20030000AG |||||||||||||||||spa|d
020 |a 9502312651 
082 0 4 |a 320  |b PIN  |2 21 
100 0 |a Pinto, Julio  |e author  |9 492867 
245 1 0 |a Introducción a la ciencia política 
250 |a 4a. ed 
300 |a 388 p 
942 |c BK 
945 |d 20050603 00:00:00  |a cmena 
260 |a Buenos Aires  |b Eudeba  |c 2003 
650 0 |a Ciencias Políticas  |9 255201 
650 7 |a FILOSOFIA POLITICA  |2 CL-VaPUC  |9 492868 
650 0 |a Historia política  |9 256974 
650 0 |a Democracia  |9 255256 
650 7 |a SISTEMAS POLITICOS  |2 CL-VaPUC  |9 492869 
583 |a last modification  |c 20050603 00:00:00  |k Rodrigo Vera 
490 0 |a Manuales 
999 |c 313254  |d 313252 
952 |0 0  |1 0  |4 0  |6 320_000000000000000_PIN_2003  |7 0  |8 A  |9 384482  |a BIBHIS  |b BIBHIS  |d 2019-11-22  |i 4133056  |o 320 PIN 2003  |p 4133056  |r 2025-01-20  |w 2019-11-22  |y BK  |k HIS